| 000 | 00686nam a22002177a 4500 | ||
|---|---|---|---|
| 003 | DO-SdBNP | ||
| 005 | 20221018101601.0 | ||
| 007 | ta | ||
| 008 | 110426s2010 dr 000 0 spa d | ||
| 040 |
_aDO-SdBNP _bspa _cBNPHU |
||
| 082 |
_axxxx _bO68r |
||
| 245 | 0 | 0 |
_aOrganización de redes locales de atención integral a la violencia intrafamiliar / _cinvestigación Dinys Luciano Ferdinand |
| 250 | _a2a. ed. rev. | ||
| 260 |
_aSanto Domingo : _bMinisterio de la Mujer, _c2010. |
||
| 300 |
_a34 p. : _c22 cm. |
||
| 504 | _aBibliografía : p.33-34 | ||
| 590 | _aInventariado, 2022/ YL | ||
| 700 | 1 |
_aLuciano Ferdinand, Dinys _956557 _einv. |
|
| 910 | _aYLockward | ||
| 942 |
_2ddc _cLF2 |
||
| 999 |
_c52558 _d52558 |
||